Every Pizza Tower Enemy - Statistics

General Stats
  • This quiz has been taken 22 times
  • The average score is 22 of 75
Answer Stats
Answer % Correct
Pizza Boy
89%
Cheeseslime
78%
Forknight
78%
Pillar John
78%
Pepperman
56%
Swedish Monkey
56%
Fake Peppino
44%
Mini John
44%
Pencer
44%
Pepperoni Goblin
44%
Pizzaface
44%
The Noise
44%
Bandito Chicken
33%
Clerk
33%
Eggplantmobile
33%
Flying Anchovy
33%
Gabaghoul
33%
Greaseball
33%
John Ghost
33%
Kentucky Kenny
33%
Peppibot
33%
Pizza Box Goblin
33%
Pizzahead
33%
Pizzard
33%
Potato Farmer
33%
The Vigilante
33%
Totem Cloud
33%
Tribe Cheese
33%
U.FOlive
33%
Weenie
33%
Bad Rat
22%
Big Cheese
22%
Burger Golfer
22%
Captain Pizza Goblin
22%
Cardboard Tank
22%
Cheese Monster
22%
Electric Potato
22%
Fake Santa
22%
Flying Patroller
22%
Ghost King
22%
Ghostknight
22%
Golf Demon
22%
Kentucky Bomber
22%
Mushroom Ghost
22%
Mushroom Monster
22%
Ninja Slice
22%
Noise Goblin
22%
Olive Trooper
22%
Patroller
22%
Peasanto
22%
Peppino Clone
22%
Pickle
22%
Pineacool
22%
Pineapple Monster
22%
Piraneapple
22%
Pizzice
22%
Ranch Shooter
22%
Sausage Monster
22%
Shrimp Thug
22%
Snowman
22%
Spit Cheese
22%
Tomato Monster
22%
Treasure Chest Guy
22%
Box Stamper
11%
Clownmato
11%
Giant Slime
11%
Grabbie Hand
11%
Hamkuff
11%
Mr. Pinch
11%
Noisey
11%
Pepperoni Goblin Bat
11%
Pizza Slug
11%
Pizza Soldier
11%
Trash Pan
11%
Cannon Pizza Golbin
0%
No matching quizzes found
Score Distribution
Percent of People with Each Score
Percentile by Number Answered
Your Score History
You have not taken this quiz